Fat Rappers Over 300 lbs - Statistics

General Stats
  • This quiz has been taken 55 times
    13 since last reset
  • The average score is 5 of 8
Answers on the Grid
Answers color-coded by a green-red scale on the quiz's grid according to % correct below.
Dave Blunts
Snoop Dogg
Juvenile Jayden
Big Pun
King Von
Drake
BigXthaplug
Dave
Playboi Carti
Fat Joe
Lizzo
Maxo Kream
Travis Scott
Ken Carson
Lil Uzi Vert
The Notorious B.I.G.
Latto
J Cole
Money Man
21 Savage
Key Glock
 
Answer Stats
Answer % Correct
Dave Blunts
100%
BigXthaplug
91%
The Notorious B.I.G.
82%
Big Pun
73%
Fat Joe
64%
Lizzo
64%
Maxo Kream
36%
Juvenile Jayden
27%
No matching quizzes found
Score Distribution
Percent of People with Each Score
Percentile by Number Answered
Your Score History
You have not taken this quiz since the last reset